What to protect?- sistematics and the agony of choine (Registro nro. 12065)

Detalles MARC
000 -CABECERA
Campo de control 005840000a22001930004500
090 ## - CLASIFICACIÓN LOCAL
Colección AR
Consecutivo 03008
041 0# - IDIOMA
Código de idioma para texto/pista de sonido o título separado
100 1# - ASIENTO PRINCIPAL--NOMBRE PERSONAL
Nombre personal Wright, R. I. Vane
245 10 - MENCION DE TITULO
Título What to protect?- sistematics and the agony of choine
650 14 - ASIENTO SECUNDARIO DE MATERIA - TERMINO TEMATICO
Término temático o nombre geográfico como elemento de entrada Riqueza de especies
650 14 - ASIENTO SECUNDARIO DE MATERIA - TERMINO TEMATICO
Término temático o nombre geográfico como elemento de entrada Patrones de distribución
650 14 - ASIENTO SECUNDARIO DE MATERIA - TERMINO TEMATICO
Término temático o nombre geográfico como elemento de entrada Sistemática
650 14 - ASIENTO SECUNDARIO DE MATERIA - TERMINO TEMATICO
Término temático o nombre geográfico como elemento de entrada Taxonomía
650 14 - ASIENTO SECUNDARIO DE MATERIA - TERMINO TEMATICO
Término temático o nombre geográfico como elemento de entrada Conservación
700 1# - ASIENTO SECUNDARIO - NOMBRE PERSONAL
Nombre personal Humphries, Chris
700 1# - ASIENTO SECUNDARIO - NOMBRE PERSONAL
Nombre personal Williams, Paul H.
773 1# - Item fuente:
Título Biological Conservation
Especificación de materiales 147
Paginas del Articulo 235-254
Lugar, editorial y fecha de publicación 1991
Información sobre la relación 55
942 ## - ELEMENTOS ADICIONALES (KOHA)
Tipo de ítem Artículo
Existencias
Withdrawn status Lost status Damaged status No para préstamo Colección Ubicación Permanente Ubicación actual Fecha de adquisición Datos de publicación Seriada Total Checkouts Número topográfico Inventario / Código de Barras Date last seen Ejemplar Price effective from Forma de adquisición Tipo de material
      No para Préstamo Hemeroteca Bogotá Bogotá 27/02/2015 Fuera de circulación   AR 03008 013505 25/03/2015 1 25/03/2015   Artículo
      No para Préstamo Hemeroteca Bogotá Bogotá 27/02/2015 Fuera de circulación   AR 03008 013506 25/03/2015 2 25/03/2015   Artículo